Українська Галицька Армія у 40-річчя її участи у визвольних змаганнях в 1918-1920 : матеріали до історії. - (Запис № 286240)
[ простий вигляд ]
| 000 -LEADER | |
|---|---|
| fixed length control field | 00549nam a22001577a 4500 |
| 003 - CONTROL NUMBER IDENTIFIER | |
| control field | NaUOA |
| 005 - DATE AND TIME OF LATEST TRANSACTION | |
| control field | 20190515173631.0 |
| 008 - FIXED-LENGTH DATA ELEMENTS--GENERAL INFORMATION | |
| fixed length control field | 190515t1960 un op||f||||| ||| m ukr u |
| 040 ## - CATALOGING SOURCE | |
| Transcribing agency | NaUOA |
| 245 ## - TITLE STATEMENT | |
| Title | Українська Галицька Армія у 40-річчя її участи у визвольних змаганнях в 1918-1920 : матеріали до історії. - |
| Statement of responsibility, etc | / упор. Микитюк Д. |
| 260 ## - PUBLICATION, DISTRIBUTION, ETC. (IMPRINT) | |
| Place of publication, distribution, etc | Вінніпег : |
| Date of publication, distribution, etc | 1960. |
| 300 ## - PHYSICAL DESCRIPTION | |
| Extent | 383 с. |
| 365 ## - TRADE PRICE | |
| Price amount | 1.00 |
| 440 ## - SERIES STATEMENT/ADDED ENTRY--TITLE | |
| Volume number/sequential designation | Том 2. |
| 942 ## - ADDED ENTRY ELEMENTS (KOHA) | |
| Source of classification or shelving scheme | Universal Decimal Classification |
| Koha item type | Книги |
Немає доступних примірників.